000 00670nam a22002537a 4500
003 UA-OsUOA
001 22632
007 ta
008 20031223b un ||||| |||| 00| 0 ukr d
100 _aПотапова В.Д.
090 _a159.98
_bП64
942 _cBK
040 _aUA-OsUOA
_bukr
_cUA-OsUOA
_dUA-OsUOA
245 _aГуманітарна орієнтація психолога-фахівця
_bМонографія
300 _a256 с.
955 _a0
041 _aukr
080 _a159.98
020 _a966-7695-41-7
260 _aДонецьк
_bТОВ "Юго-Восток, Лтд"
_c2001
044 _aUA
650 7 _2UDC
999 _c308854
_d308854